[Event "BAN-chT2"]
[Site "Dhaka"]
[Date "2022.07.18"]
[Round "1.1"]
[White "Hasan, Sk Rashedul"]
[Black "Md Babul, Akter"]
[Result "1-0"]
[WhiteElo "1856"]
[BlackElo "1287"]
[PlyCount "47"]
[EventDate "2022.07.18"]
[EventType "team-swiss"]
[EventRounds "9"]
[EventCountry "BAN"]
[SourceTitle "EXT 2023"]
[Source "ChessBase"]
[SourceDate "2022.10.05"]
[SourceVersion "1"]
[SourceVersionDate "2022.10.05"]
[SourceQuality "1"]
[WhiteTeam "Sadharan Bima Corporation"]
[BlackTeam "Titas CC"]
[WhiteTeamCountry "BAN"]
[BlackTeamCountry "BAN"]

1. e4 e5 2. Nf3 Nc6 3. d4 exd4 4. Bc4 Qe7 5. 0-0 Nf6 6. Ng5 Ne5 7. Bb3 h6 8. Nh3 c5 9. f4 Nc6 10. e5 Nh7 11. Nd2 d6 12. Re1 dxe5 13. Nf2 Be6 14. Ba4 Bd7 15. Bxc6 bxc6 16. Rxe5 Be6 17. f5 Qf6 18. Nc4 Be7 19. fxe6 0-0 20. Qg4 Bd6 21. Ne4 Qxe5 22. Nxe5 Bxe5 23. Nxc5 Kh8 24. Nd7 1-0